MARC details
| 000 -CABECERA |
| campo de control de longitud fija |
01012nam a2200265 a 4500 |
| 001 - NÚMERO DE CONTROL |
| campo de control |
000003638 |
| 005 - FECHA Y HORA DE LA ÚLTIMA TRANSACCIÓN |
| campo de control |
20260213092102.0 |
| 008 - DATOS DE LONGITUD FIJA--INFORMACIÓN GENERAL |
| campo de control de longitud fija |
090711s2004 sp r 001 0 spa d |
| 020 ## - NÚMERO INTERNACIONAL ESTÁNDAR DEL LIBRO |
| Número Internacional Estándar del Libro |
8449312566 |
| 020 ## - NÚMERO INTERNACIONAL ESTÁNDAR DEL LIBRO |
| Número Internacional Estándar del Libro |
9788449312564 |
| 040 ## - FUENTE DE LA CATALOGACIÓN |
| Centro catalogador/agencia de origen |
DO-SdBNP |
| Lengua de catalogación |
spa |
| Centro/agencia transcriptor |
BNPHU |
| 082 ## - NÚMERO DE LA CLASIFICACIÓN DECIMAL DEWEY |
| Número de clasificación |
294.3927 |
| Número de documento/Ítem |
D654c |
| 100 1# - ENTRADA PRINCIPAL--NOMBRE DE PERSONA |
| Nombre de persona |
Dôgen, |
| Numeración |
1200-1253 |
| 9 (RLIN) |
11164 |
| 245 10 - MENCIÓN DE TÍTULO |
| Título |
Cuerpo y espíritu : |
| Resto del título |
la transmisión de las enseñanzas de Buda / |
| Mención de responsabilidad, etc. |
Dôgen ; traducción Javier Palacio Tauste ; prefacio, introducción y selección Janine Coursin. |
| 260 ## - PUBLICACIÓN, DISTRIBUCIÓN, ETC. |
| Lugar de publicación, distribución, etc. |
Barcelona : |
| Nombre del editor, distribuidor, etc. |
Paidós, |
| Fecha de publicación, distribución, etc. |
2004 |
| Fabricante |
Novagráfik |
| 300 ## - DESCRIPCIÓN FÍSICA |
| Extensión |
135 p. ; |
| Dimensiones |
22 cm. |
| 504 ## - NOTA DE BIBLIOGRAFÍA, ETC. |
| Nota de bibliografía, etc. |
Incluye referencias bibliográficas y notas al pie de las páginas. |
| 534 ## - NOTA SOBRE LA VERSIÓN ORIGINAL |
| Frase introductoria |
Título original: |
| Mención de título del original |
Corps et esprit |
| Publicación, distribución, etc. del original |
París, Éditions Gallimard, 1998 |
| 650 #0 - PUNTO DE ACCESO ADICIONAL DE MATERIA--TÉRMINO DE MATERIA |
| Término de materia o nombre geográfico como elemento de entrada |
Budismo (Zen) |
| 9 (RLIN) |
11165 |
| 650 #4 - PUNTO DE ACCESO ADICIONAL DE MATERIA--TÉRMINO DE MATERIA |
| Término de materia o nombre geográfico como elemento de entrada |
Budismo |
| 9 (RLIN) |
3429 |
| 650 #4 - PUNTO DE ACCESO ADICIONAL DE MATERIA--TÉRMINO DE MATERIA |
| Término de materia o nombre geográfico como elemento de entrada |
Meditación |
| 9 (RLIN) |
687 |
| 650 #0 - PUNTO DE ACCESO ADICIONAL DE MATERIA--TÉRMINO DE MATERIA |
| Término de materia o nombre geográfico como elemento de entrada |
Mente y cuerpo |
| 9 (RLIN) |
2740 |
| 700 1# - PUNTO DE ACCESO ADICIONAL--NOMBRE DE PERSONA |
| Nombre de persona |
Palacio Tauste, Javier, |
| Término indicativo de función/relación |
tr. |
| 9 (RLIN) |
11166 |
| 700 1# - PUNTO DE ACCESO ADICIONAL--NOMBRE DE PERSONA |
| Nombre de persona |
Coursin, Janine, |
| Numeración |
pref., introd. |
| 9 (RLIN) |
11167 |